TÜRKİYE ŞEHİRLERİ(PLAKA KODU) - Statistics

General Stats
  • This quiz has been taken 97 times
  • The average score is 48 of 81
Answer Stats
Plaka Kodu Şehir % Correct
01 Adana
100%
06 Ankara
98%
02 Adıyaman
94%
07 Antalya
94%
03 Afyonkarahisar
89%
34 İstanbul
89%
16 Bursa
85%
04 Ağrı
83%
10 Balıkesir
83%
35 İzmir
83%
05 Amasya
81%
61 Trabzon
81%
08 Artvin
79%
31 Hatay
79%
21 Diyarbakır
75%
09 Aydın
74%
17 Çanakkale
74%
25 Erzurum
74%
20 Denizli
72%
81 Düzce
72%
33 İçel/Mersin
72%
42 Konya
72%
55 Samsun
72%
19 Çorum
68%
22 Edirne
68%
11 Bilecik
66%
26 Eskişehir
66%
27 (Gazi)antep
66%
36 Kars
66%
41 Kocaeli/İzmit
66%
58 Sivas
66%
23 Elazığ
64%
38 Kayseri
64%
80 Osmaniye
64%
24 Erzincan
62%
13 Bitlis
60%
14 Bolu
60%
18 Çankırı
60%
28 Giresun
60%
44 Malatya
60%
60 Tokat
60%
15 Burdur
58%
37 Kastamonu
58%
53 Rize
58%
12 Bingöl
57%
30 Hakkari
57%
32 Isparta
57%
43 Kütahya
57%
47 Mardin
57%
52 Ordu
57%
45 Manisa
55%
48 Muğla
55%
51 Niğde
55%
29 Gümüşhane
53%
46 (Kahraman)maraş
51%
39 Kırklareli
51%
40 Kırşehir
51%
54 Sakarya
51%
50 Nevşehir
49%
63 (Şanlı)urfa
49%
67 Zonguldak
47%
59 Tekirdağ
45%
66 Yozgat
45%
56 Siirt
43%
65 Van
43%
49 Muş
42%
57 Sinop
42%
69 Bayburt
40%
62 Tunceli
40%
77 Yalova
38%
68 Aksaray
36%
79 Kilis
36%
76 Iğdır
32%
64 Uşak
32%
71 Kırıkkale
28%
73 Şırnak
28%
78 Karabük
26%
75 Ardahan
25%
72 Batman
25%
74 Bartın
23%
70 Karaman
23%
No matching quizzes found
Score Distribution
Percent of People with Each Score
Percentile by Number Answered
Your Score History
You have not taken this quiz